| 000 | 00647nam a2200181 a 4500 | ||
|---|---|---|---|
| 001 | 000036364 | ||
| 005 | 20200930075706.0 | ||
| 008 | 120116s1987 sp 000 0 spa d | ||
| 020 | _a8450560128 | ||
| 040 |
_aDO-SdBNP _bspa _cBNPHU |
||
| 082 |
_axxxx _bA864 |
||
| 245 | 0 | 0 | _aAtención directa de enfermería. Conceptos generales y procedimientos. |
| 260 |
_aMadrid : _bInstituto Nacional de la Salud, _c1987. |
||
| 300 |
_a111 p. ; _c25 cm. |
||
| 490 | 1 | _aEnfermería | |
| 700 | 2 |
_aInstituto Nacional de la Salud. _bMinisterio de Sanidad y Consumo, Subdirección General de Gestión de la Atención Primaria _962552 |
|
| 830 | 0 |
_aEnfermería _962553 |
|
| 999 |
_c35855 _d35855 |
||